[Event "SVK-chT2B 2223"]
[Site "Slovakia"]
[Date "2023.01.15"]
[Round "7.7"]
[White "Motuzova, Marta"]
[Black "Krajcovic, Alojz"]
[Result "1/2-1/2"]
[WhiteElo "1807"]
[BlackElo "1800"]
[PlyCount "35"]
[EventDate "2022.10.08"]
[EventType "team-tourn"]
[EventRounds "11"]
[EventCountry "SVK"]
[SourceTitle "EXT 2024"]
[Source "ChessBase"]
[SourceDate "2023.10.10"]
[SourceVersion "1"]
[SourceVersionDate "2023.10.10"]
[SourceQuality "1"]
[WhiteTeam "Belusa"]
[BlackTeam "Dubnica nad Vahom III"]
[WhiteTeamCountry "SVK"]
[BlackTeamCountry "SVK"]

1. d4 Nf6 2. c4 d6 3. Nc3 g6 4. e4 Bg7 5. Bd3 Nc6 6. Nge2 0-0 7. 0-0 Nb4 8. Bb1 c6 9. a3 Na6 10. f3 Nc7 11. d5 Bd7 12. Be3 b6 13. Qd2 Rc8 14. Bc2 c5 15. Ba4 Bxa4 16. Nxa4 Qd7 17. Nac3 a5 18. a4 1/2-1/2

[Event "SVK-chT3B2 2223"]
[Site "Slovakia"]
[Date "2022.12.18"]
[Round "4.2"]
[White "Krajcovic, Alojz"]
[Black "Kutny, Marian"]
[Result "1/2-1/2"]
[WhiteElo "1794"]
[BlackElo "1967"]
[PlyCount "174"]
[EventDate "2022.10.23"]
[EventType "team-tourn"]
[EventRounds "11"]
[EventCountry "SVK"]
[SourceTitle "EXT 2024"]
[Source "ChessBase"]
[SourceDate "2023.10.10"]
[SourceVersion "1"]
[SourceVersionDate "2023.10.10"]
[SourceQuality "1"]
[WhiteTeam "Dubnica nad Vahom V"]
[BlackTeam "Belusa II"]
[WhiteTeamCountry "SVK"]
[BlackTeamCountry "SVK"]

1. e4 e5 2. Nf3 Nf6 3. Nxe5 d6 4. Nf3 Nxe4 5. d4 Be7 6. Bd3 d5 7. h3 0-0 8. Bf4 Bf6 9. c3 Re8 10. 0-0 Bf5 11. Qc2 g5 12. Bh2 Nc6 13. Kh1 Qd7 14. Ng1 Re7 15. Na3 a6 16. Rad1 Rae8 17. Qc1 Bg6 18. Nc2 g4 19. Qf4 gxh3 20. Nxh3 Bg7 21. f3 Nd6 22. Bxg6 hxg6 23. Ng1 Nf5 24. Rfe1 Bh6 25. Qxc7 Qxc7 26. Bxc7 Be3 27. Bh2 Bf2 28. Rxe7 Rxe7 29. g4 Nh4 30. Rf1 Bxg1 31. Kxg1 Re2 32. Rf2 Nxf3+ 33. Rxf3 Rxc2 34. Rf2 Rxf2 35. Kxf2 f5 36. Kf3 Kf7 37. gxf5 gxf5 38. Kf4 Kf6 39. Bg3 Na7 40. Bh4+ Ke6 41. Bd8 Nc8 42. Bc7 Ne7 43. Bb6 Ng6+ 44. Kf3 Kd6 45. a4 Kc6 46. a5 Kd6 47. b3 Ke6 48. Bc5 Nh4+ 49. Kg3 Ng6 50. Kf3 Nh8 51. Kf4 Nf7 52. Ke3 Nd8 53. Bb6 Nc6 54. Kf4 Kf6 55. Bc7 Na7 56. Bb6 Nb5 57. c4 Nc3 58. Bc7 Ke6 59. Ke3 Na2 60. Kd2 Nb4 61. Kc3 Nc6 62. b4 Ne7 63. b5 dxc4 64. Kxc4 Nd5 65. bxa6 bxa6 66. Bh2 Ne3+ 67. Kc5 Nd5 68. Kc6 Nb4+ 69. Kc5 Nd5 70. Bg3 f4 71. Be1 f3 72. Kc6 Ne7+ 73. Kb6 Kd5 74. Bf2 Nc6 75. Kxa6 Nxd4 76. Kb6 Nc6 77. a6 Kd6 78. Bh4 Kd7 79. Kb7 Na5+ 80. Kb6 Nc6 81. Bg3 Ne7 82. Kb7 Nc6 83. Bf2 Na5+ 84. Kb6 Nc6 85. Bc5 Kc8 86. Kxc6 Kb8 87. Kb6 Ka8 1/2-1/2

[Event "SVK-chT2B 2223"]
[Site "Slovakia"]
[Date "2022.11.26"]
[Round "5.5"]
[White "Krajcovic, Alojz"]
[Black "Hlinka, Miroslav"]
[Result "1-0"]
[WhiteElo "1794"]
[BlackElo "1977"]
[PlyCount "58"]
[EventDate "2022.10.08"]
[EventType "team-tourn"]
[EventRounds "11"]
[EventCountry "SVK"]
[SourceTitle "EXT 2024"]
[Source "ChessBase"]
[SourceDate "2023.10.10"]
[SourceVersion "1"]
[SourceVersionDate "2023.10.10"]
[SourceQuality "1"]
[WhiteTeam "Dubnica nad Vahom III"]
[BlackTeam "Nemsova Horne Srnie"]
[WhiteTeamCountry "SVK"]
[BlackTeamCountry "SVK"]

1. e4 c5 2. Nf3 Nc6 3. d4 cxd4 4. Nxd4 g6 5. Nc3 Bg7 6. Be3 Nf6 7. Be2 0-0 8. Qd2 d5 9. exd5 Nxd5 10. Nxd5 Qxd5 11. Bf3 Qc4 12. b3 Qb4 13. c3 Qa5 14. b4 Qe5 15. 0-0 Nxd4 16. Bxd4 Qd6 17. Rad1 Rd8 18. Qb2 Qc7 19. Bxg7 Rxd1 20. Rxd1 Kxg7 21. c4+ f6 22. Qd4 Be6 23. c5 Bxa2 24. Qd7 Qe5 25. h3 Bb3 26. Rd3 Qe1+ 27. Kh2 Qxf2 28. Qxe7+ Bf7 29. Qxb7 Re8 1-0

[Event "SVK-chT2B 2223"]
[Site "Slovakia"]
[Date "2022.11.13"]
[Round "4.4"]
[White "Egyed, Judit"]
[Black "Krajcovic, Alojz"]
[Result "1-0"]
[WhiteElo "2046"]
[BlackElo "1780"]
[PlyCount "80"]
[EventDate "2022.10.08"]
[EventType "team-tourn"]
[EventRounds "11"]
[EventCountry "SVK"]
[SourceTitle "EXT 2024"]
[Source "ChessBase"]
[SourceDate "2023.10.10"]
[SourceVersion "1"]
[SourceVersionDate "2023.10.10"]
[SourceQuality "1"]
[WhiteTeam "Komarno II"]
[BlackTeam "Dubnica nad Vahom III"]
[WhiteTeamCountry "SVK"]
[BlackTeamCountry "SVK"]

1. e4 c5 2. Nf3 Nc6 3. d4 cxd4 4. Nxd4 Nf6 5. Nc3 e5 6. Ndb5 d6 7. Nd5 Nxd5 8. exd5 Nb8 9. c4 Be7 10. Be2 0-0 11. 0-0 f5 12. f4 a6 13. Nc3 e4 14. Be3 Nd7 15. b4 b6 16. Rc1 Rb8 17. Qd2 Nf6 18. Rfd1 Re8 19. h3 Bf8 20. Bf1 Bd7 21. Qf2 Kh8 22. b5 Bc8 23. Ne2 a5 24. Nd4 Rb7 25. Be2 Qc7 26. Kh1 Qf7 27. Nc6 Nd7 28. g4 Nc5 29. g5 Bd7 30. h4 Bxc6 31. bxc6 Rc7 32. Rb1 Rb8 33. h5 Qe8 34. Kg2 Kg8 35. Kg3 Qd8 36. Rd2 Rcc8 37. Qh2 Qc7 38. g6 h6 39. Qh3 Be7 40. Qxf5 Bf6 1-0

[Event "SVK-chT3B2 2122"]
[Site "Slovakia"]
[Date "2022.04.03"]
[Round "7.4"]
[White "Bujna, Martin"]
[Black "Krajcovic, Alojz"]
[Result "1/2-1/2"]
[WhiteElo "1813"]
[BlackElo "1804"]
[PlyCount "128"]
[EventDate "2021.10.24"]
[EventType "team-tourn"]
[EventRounds "11"]
[EventCountry "SVK"]
[SourceTitle "EXT 2024"]
[Source "ChessBase"]
[SourceDate "2023.10.10"]
[SourceVersion "1"]
[SourceVersionDate "2023.10.10"]
[SourceQuality "1"]
[WhiteTeam "Chynorany"]
[BlackTeam "Dubnica nad Vahom III"]
[WhiteTeamCountry "SVK"]
[BlackTeamCountry "SVK"]

1. f4 d5 2. Nf3 Nc6 3. e3 Nf6 4. b3 g6 5. Bb2 Bg7 6. Bb5 Bd7 7. Nc3 0-0 8. 0-0 a6 9. Bxc6 Bxc6 10. Ne5 e6 11. g4 Nd7 12. Nxc6 bxc6 13. d4 Qh4 14. Rf2 Nf6 15. Rg2 h5 16. g5 Nh7 17. Nb1 f6 18. Nd2 fxg5 19. Nf3 Qh3 20. Rg3 Qf5 21. fxg5 Rf7 22. Qe2 Nf8 23. Rf1 Nd7 24. Qd1 e5 25. dxe5 Qe6 26. Nd4 Rxf1+ 27. Qxf1 Qxe5 28. Bc3 Qe4 29. Qd1 Rf8 30. Ne2 Rf3 31. Rxf3 Qxf3 32. Bxg7 Qxe3+ 33. Kh1 Kxg7 34. Qd4+ Qe5 35. Qxe5+ Nxe5 36. Kg2 Kf7 37. Nf4 Ng4 38. c3 Ne3+ 39. Kf3 Nf5 40. Nd3 Ke6 41. Nc5+ Kd6 42. Nxa6 Ng7 43. Nb4 Ne6 44. h4 Ng7 45. a4 Nf5 46. a5 Kc5 47. Nd3+ Kb5 48. b4 Nxh4+ 49. Kf4 Nf5 50. Ne5 Ne7 51. Nd7 d4 52. cxd4 Nd5+ 53. Ke4 Nxb4 54. Ne5 Kxa5 55. Nxg6 Nd5 56. Nf4 Ne7 57. Nxh5 Kb5 58. Nf6 c5 59. d5 c4 60. Kd4 Kb4 61. Ne4 Nf5+ 62. Ke5 Nh4 63. Nf2 c3 64. Nd3+ Kc4 1/2-1/2

[Event "SVK-chT3B2 1920"]
[Site "Slovakia"]
[Date "2019.10.20"]
[Round "2.3"]
[White "Zakovic, Jozef"]
[Black "Krajcovic, Alojz"]
[Result "1/2-1/2"]
[WhiteElo "1795"]
[BlackElo "1819"]
[PlyCount "31"]
[EventDate "2019.10.06"]
[EventType "team-tourn"]
[EventRounds "11"]
[EventCountry "SVK"]
[SourceTitle "CBM 193 Extra"]
[Source "ChessBase"]
[SourceDate "2020.01.31"]
[SourceVersion "1"]
[SourceVersionDate "2020.01.31"]
[SourceQuality "1"]
[WhiteTeam "Bojnice"]
[BlackTeam "Dubnica nad Vahom III"]
[WhiteTeamCountry "SVK"]
[BlackTeamCountry "SVK"]

1. d4 Nf6 2. c4 d6 3. Nc3 g6 4. Nf3 Bg7 5. e4 0-0 6. Be2 c6 7. 0-0 Nbd7 8. h3 Qc7 9. Be3 a6 10. a4 b6 11. Qd2 Bb7 12. Bh6 Rad8 13. Bxg7 Kxg7 14. Rfd1 Rfe8 15. b3 Bc8 16. Rac1 1/2-1/2

[Event "SVK-chT3B2 1819"]
[Site "Slovakia"]
[Date "2019.03.10"]
[Round "9.3"]
[White "Krajcovic, Alojz"]
[Black "Gombar, Peter"]
[Result "1/2-1/2"]
[WhiteElo "1841"]
[BlackElo "1972"]
[PlyCount "57"]
[EventDate "2018.10.21"]
[EventType "team-tourn"]
[EventRounds "11"]
[EventCountry "SVK"]
[SourceTitle "CBM 189 Extra"]
[Source "ChessBase"]
[SourceDate "2019.06.03"]
[SourceVersion "1"]
[SourceVersionDate "2019.06.03"]
[SourceQuality "1"]
[WhiteTeam "Dubnica nad Vahom  III"]
[BlackTeam "Povazska Bystrica Sparta"]
[WhiteTeamCountry "SVK"]
[BlackTeamCountry "SVK"]

1. e4 e5 2. Nf3 Nc6 3. Nc3 Nf6 4. d3 d5 5. exd5 Nxd5 6. h3 Be7 7. Qe2 f6 8. Bd2 Nxc3 9. Bxc3 Qd5 10. Qe4 Be6 11. Be2 Qxe4 12. dxe4 Nb4 13. Bxb4 Bxb4+ 14. c3 Bc5 15. 0-0 0-0-0 16. b4 Be7 17. Rfd1 a6 18. a3 Bb3 19. Rd2 Ba4 20. Bd1 Bb5 21. Raa2 Rd3 22. Rxd3 Bxd3 23. Nd2 Rd8 24. f3 Bc4 25. Nxc4 Rxd1+ 26. Kf2 c6 27. Ke2 Rd8 28. Ne3 g6 29. Rd2 1/2-1/2

[Event "SVK-chT3B2 1819"]
[Site "Slovakia"]
[Date "2019.01.27"]
[Round "6.2"]
[White "Krajcovic, Alojz"]
[Black "Gaspar, Michal"]
[Result "1/2-1/2"]
[WhiteElo "1841"]
[BlackElo "1867"]
[PlyCount "47"]
[EventDate "2018.10.21"]
[EventType "team-tourn"]
[EventRounds "11"]
[EventCountry "SVK"]
[SourceTitle "CBM 189 Extra"]
[Source "ChessBase"]
[SourceDate "2019.06.03"]
[SourceVersion "1"]
[SourceVersionDate "2019.06.03"]
[SourceQuality "1"]
[WhiteTeam "Dubnica nad Vahom  III"]
[BlackTeam "Bojnice"]
[WhiteTeamCountry "SVK"]
[BlackTeamCountry "SVK"]

1. e4 e6 2. d4 d5 3. Nd2 dxe4 4. Nxe4 Nd7 5. Nf3 Ngf6 6. Ng3 Be7 7. Bd3 0-0 8. 0-0 c5 9. c3 cxd4 10. Nxd4 Ne5 11. Bc2 Bd7 12. Re1 Nc6 13. Nf3 Qc7 14. Qe2 Rac8 15. Bg5 Rfd8 16. Rad1 Be8 17. Nf1 Rxd1 18. Rxd1 Rd8 19. Ne3 Rxd1+ 20. Qxd1 Qd8 21. Qxd8 Bxd8 22. Kf1 h6 23. Bh4 Nh5 24. Bxd8 1/2-1/2

[Event "SVK-chT3B2 1819"]
[Site "Slovakia"]
[Date "2018.12.09"]
[Round "4.1"]
[White "Bielik, Jakub"]
[Black "Krajcovic, Alojz"]
[Result "1/2-1/2"]
[WhiteElo "1990"]
[BlackElo "1841"]
[PlyCount "177"]
[EventDate "2018.10.21"]
[EventType "team-tourn"]
[EventRounds "11"]
[EventCountry "SVK"]
[SourceTitle "CBM 189 Extra"]
[Source "ChessBase"]
[SourceDate "2019.06.03"]
[SourceVersion "1"]
[SourceVersionDate "2019.06.03"]
[SourceQuality "1"]
[WhiteTeam "Povazske Podhradie "]
[BlackTeam "Dubnica nad Vahom  III"]
[WhiteTeamCountry "SVK"]
[BlackTeamCountry "SVK"]

1. e4 c5 2. Nf3 Nc6 3. Bb5 Qc7 4. 0-0 a6 5. Bxc6 dxc6 6. Re1 Bg4 7. h3 Bh5 8. d3 e5 9. Nbd2 Nf6 10. Nf1 Bd6 11. Ng3 Bg6 12. Nh4 0-0-0 13. Bg5 Be7 14. Bxf6 Bxf6 15. Qg4+ Qd7 16. Qxd7+ Rxd7 17. Nhf5 Rhd8 18. Re2 Kc7 19. Rae1 h5 20. Nf1 Bh7 21. Nd2 g6 22. Ne3 Be7 23. a4 f6 24. a5 Bg8 25. Nec4 Bf8 26. Nb6 Rg7 27. Ndc4 Be6 28. Kh2 Be7 29. Rf1 g5 30. Ne3 Rdg8 31. g3 Bd8 32. Ra1 Be7 33. Nf5 Bxf5 34. exf5 Rd8 35. Nc4 Rd4 36. Ra3 Rg8 37. Rb3 Rgd8 38. Re1 Bf8 39. Kg2 Be7 40. f3 Bf8 41. Kf2 Be7 42. g4 hxg4 43. hxg4 Rh8 44. Kg2 Rdd8 45. Rh1 Rxh1 46. Kxh1 Rh8+ 47. Kg2 Rh7 48. Nd2 Rh8 49. Ne4 Rd8 50. Rc3 Rd5 51. Rc4 b5 52. axb6+ Kxb6 53. Ra4 Rd8 54. Nd2 Rh8 55. Ra1 Rh6 56. Nc4+ Kb7 57. Ra3 Rh8 58. Rb3+ Ka7 59. Na5 Bd6 60. Rb7+ Ka8 61. Rd7 Bb8 62. Nxc6 Rf8 63. Na5 e4 64. Nc4 exf3+ 65. Kxf3 Bf4 66. Re7 Rh8 67. Nb6+ Kb8 68. Nd7+ Kc8 69. Nb6+ Kd8 70. Re2 Rh3+ 71. Ke4 Rg3 72. Kd5 Rxg4 73. Kxc5 Be5 74. Nc4 Bc7 75. Kd5 Kd7 76. Ne3 Rf4 77. c4 Be5 78. Kc5 Bd4+ 79. Kb4 Bxe3 80. Rxe3 Rxf5 81. d4 g4 82. Kc3 Rg5 83. Re1 g3 84. Kd3 f5 85. Ke3 g2 86. Rg1 Rg4 87. b4 Re4+ 88. Kd3 Rg4 89. Ke3 1/2-1/2

[Event "SVK-chT3B2 1718"]
[Site "Slovakia"]
[Date "2018.02.18"]
[Round "9.2"]
[White "Halak, Matej"]
[Black "Krajcovic, Alojz"]
[Result "1-0"]
[WhiteElo "1954"]
[BlackElo "1892"]
[PlyCount "45"]
[EventDate "2017.10.08"]
[EventType "team-tourn"]
[EventRounds "11"]
[EventCountry "SVK"]
[SourceTitle "EXT 2020"]
[Source "ChessBase"]
[SourceDate "2019.10.17"]
[SourceVersion "1"]
[SourceVersionDate "2019.10.17"]
[SourceQuality "1"]
[WhiteTeam "Trencin II"]
[BlackTeam "Dubnica nad Vahom III"]
[WhiteTeamCountry "SVK"]
[BlackTeamCountry "SVK"]

1. d4 Nf6 2. Bg5 d5 3. e3 Nbd7 4. Nf3 Ne4 5. Bh4 Ndf6 6. Nbd2 Bg4 7. Be2 g6 8. h3 Bf5 9. c4 Bg7 10. Qb3 dxc4 11. Bxc4 Nd6 12. Rc1 0-0 13. 0-0 c6 14. Bg3 Qb6 15. Qa3 Nfe4 16. Nxe4 Nxe4 17. Qxe7 Nxg3 18. fxg3 Rae8 19. Bxf7+ Rxf7 20. Qxe8+ Rf8 21. Qe7 Qxb2 22. Nh4 Bf6 23. Qc5 1-0

[Event "SVK-chT3B2 1718"]
[Site "Slovakia"]
[Date "2018.01.21"]
[Round "8.2"]
[White "Krajcovic, Alojz"]
[Black "Randziak, Martin"]
[Result "0-1"]
[WhiteElo "1892"]
[BlackElo "1922"]
[PlyCount "96"]
[EventDate "2017.10.08"]
[EventType "team-tourn"]
[EventRounds "11"]
[EventCountry "SVK"]
[SourceTitle "EXT 2019"]
[Source "ChessBase"]
[SourceDate "2018.10.10"]
[SourceVersion "1"]
[SourceVersionDate "2018.10.10"]
[SourceQuality "1"]
[WhiteTeam "Dubnica nad Vahom III"]
[BlackTeam "Chynorany"]
[WhiteTeamCountry "SVK"]
[BlackTeamCountry "SVK"]

1. e4 e5 2. Nf3 Nf6 3. Nxe5 d6 4. Nf3 Nxe4 5. d4 d5 6. Bd3 Nc6 7. Be3 Be7 8. Nbd2 Nd6 9. c3 Bf5 10. Qc2 Qd7 11. 0-0 0-0-0 12. b4 Bxd3 13. Qxd3 Qf5 14. Qxf5+ Nxf5 15. a4 Nxe3 16. fxe3 f5 17. a5 a6 18. Rfb1 Na7 19. c4 dxc4 20. Nxc4 Bf6 21. Nce5 Rhe8 22. Rb3 Nb5 23. Rc1 f4 24. exf4 Nxd4 25. Nxd4 Rxd4 26. Nc4 Ree4 27. Ne3 Rxb4 28. Rxb4 Rxb4 29. Nd5 Bd4+ 30. Kf1 Rb5 31. Nxc7 Rc5 32. Rxc5 Bxc5 33. Ne6 Bd6 34. Nxg7 Bxf4 35. h3 Kd7 36. Ke2 Be5 37. Nf5 Kc6 38. Kd3 Kb5 39. Ne3 Bc7 40. Nc4 Bxa5 41. Nxa5 Kxa5 42. g4 Kb4 43. Kc2 Kc4 44. g5 Kd5 45. h4 Ke6 46. h5 Kf5 47. g6 hxg6 48. h6 Kf6 0-1

[Event "SVK-chT3B2 1718"]
[Site "Slovakia"]
[Date "2017.12.03"]
[Round "5.1"]
[White "Kutny, Marian"]
[Black "Krajcovic, Alojz"]
[Result "1-0"]
[WhiteElo "1924"]
[BlackElo "1892"]
[PlyCount "111"]
[EventDate "2017.10.08"]
[EventType "team-tourn"]
[EventRounds "11"]
[EventCountry "SVK"]
[SourceTitle "EXT 2019"]
[Source "ChessBase"]
[SourceDate "2018.10.10"]
[SourceVersion "1"]
[SourceVersionDate "2018.10.10"]
[SourceQuality "1"]
[WhiteTeam "Belusa"]
[BlackTeam "Dubnica nad Vahom III"]
[WhiteTeamCountry "SVK"]
[BlackTeamCountry "SVK"]

1. Nf3 c5 2. d4 cxd4 3. Nxd4 Nf6 4. Nc3 Nc6 5. Bf4 d6 6. Bg3 e5 7. Nxc6 bxc6 8. e4 Be7 9. Bc4 0-0 10. 0-0 Bb7 11. Bb3 Qc7 12. Qf3 Rad8 13. Rad1 Bc8 14. h3 h6 15. Rd2 Nh7 16. Qe3 Ng5 17. Rfd1 Ne6 18. Ne2 Kh8 19. Kh1 Nc5 20. f4 f6 21. Bc4 Be6 22. Bxe6 Nxe6 23. b3 Rf7 24. c4 Bf8 25. f5 Nc5 26. b4 Nb7 27. Qxa7 Rdd7 28. a3 Qc8 29. Qa4 Nd8 30. Bf2 Rb7 31. c5 Rbd7 32. cxd6 Nb7 33. Bc5 Nxc5 34. bxc5 Rb7 35. Qc4 Rfd7 36. Rd3 Qa8 37. Rb3 Ra7 38. Rdb1 Rd8 39. Qb4 Kh7 40. Ng1 Rad7 41. Nf3 Ra7 42. Nd2 Ra4 43. Qc3 Qa7 44. Qc1 Bxd6 45. cxd6 Rxd6 46. Nc4 Rd4 47. Nb6 Ra6 48. Qxc6 Qf7 49. Qb5 Ra7 50. Qe2 Rb7 51. Rb4 Qc7 52. Nd5 Rbxb4 53. axb4 Qb7 54. b5 Ra4 55. b6 Rd4 56. Qg4 1-0

[Event "SVK-chT3B2 1718"]
[Site "Slovakia"]
[Date "2017.11.05"]
[Round "3.2"]
[White "Krajcovic, Alojz"]
[Black "Belak, Stefan"]
[Result "1/2-1/2"]
[WhiteElo "1892"]
[BlackElo "1923"]
[PlyCount "73"]
[EventDate "2017.10.08"]
[EventType "team-tourn"]
[EventRounds "11"]
[EventCountry "SVK"]
[SourceTitle "EXT 2019"]
[Source "ChessBase"]
[SourceDate "2018.10.10"]
[SourceVersion "1"]
[SourceVersionDate "2018.10.10"]
[SourceQuality "1"]
[WhiteTeam "Dubnica nad Vahom III"]
[BlackTeam "Povazska Bystrica Sparta II"]
[WhiteTeamCountry "SVK"]
[BlackTeamCountry "SVK"]

1. e4 e6 2. d4 d5 3. Nd2 c5 4. c3 cxd4 5. cxd4 Nc6 6. Ngf3 Bb4 7. e5 Nge7 8. Bd3 Nf5 9. 0-0 Bd7 10. Nb3 Rc8 11. a3 Be7 12. Bd2 Qb6 13. Bc3 a5 14. Rc1 Ra8 15. Re1 g6 16. Bc2 h6 17. h3 Kf8 18. Nc5 Bc8 19. Na4 Qd8 20. Bd3 Kg7 21. Qe2 b6 22. Bxf5 gxf5 23. Qb5 Rb8 24. Bd2 Na7 25. Qd3 Bd7 26. Nc3 b5 27. Na2 Qb6 28. b4 Nc6 29. Rc2 axb4 30. Nxb4 Nxb4 31. axb4 Rbc8 32. Rec1 Rxc2 33. Rxc2 Qb8 34. Qa3 Rc8 35. Rxc8 Qxc8 36. Qe3 Qh8 37. Qc3 1/2-1/2

[Event "SVK-chT3B2 1718"]
[Site "Slovakia"]
[Date "2017.10.22"]
[Round "2.1"]
[White "Krajcovic, Alojz"]
[Black "Orgon, Dusan"]
[Result "0-1"]
[WhiteElo "1892"]
[BlackElo "2027"]
[PlyCount "50"]
[EventDate "2017.10.08"]
[EventType "team-tourn"]
[EventRounds "11"]
[EventCountry "SVK"]
[SourceTitle "EXT 2019"]
[Source "ChessBase"]
[SourceDate "2018.10.10"]
[SourceVersion "1"]
[SourceVersionDate "2018.10.10"]
[SourceQuality "1"]
[WhiteTeam "Dubnica nad Vahom III"]
[BlackTeam "Dubnica nad Vahom IV"]
[WhiteTeamCountry "SVK"]
[BlackTeamCountry "SVK"]

1. e4 e6 2. d4 d5 3. Nd2 Nc6 4. Ne2 Nf6 5. e5 Nd7 6. f4 f6 7. Nf3 Be7 8. Be3 0-0 9. g3 fxe5 10. dxe5 Nc5 11. Bxc5 Bxc5 12. c3 Bd7 13. Bh3 Qe8 14. Qd3 Qh5 15. Ng5 Nxe5 16. Qc2 Nf3+ 17. Nxf3 Qxf3 18. 0-0-0 Qh5 19. Bg2 Be3+ 20. Kb1 Be8 21. f5 Rxf5 22. Ka1 Rf2 23. Bf1 Bg6 24. Qa4 Be4 25. g4 Qg6 0-1

[Event "SVK-chT3B2 1617"]
[Site "Slovakia"]
[Date "2017.04.02"]
[Round "11.1"]
[White "Kaniansky, Miroslav"]
[Black "Krajcovic, Alojz"]
[Result "1-0"]
[WhiteElo "2161"]
[BlackElo "1906"]
[PlyCount "69"]
[EventDate "2016.10.16"]
[EventType "team-tourn"]
[EventRounds "11"]
[EventCountry "SVK"]
[SourceTitle "EXT 2020"]
[Source "ChessBase"]
[SourceDate "2019.10.17"]
[SourceVersion "1"]
[SourceVersionDate "2019.10.17"]
[SourceQuality "1"]
[WhiteTeam "Handlova"]
[BlackTeam "Dubnica nad Vahom III"]
[WhiteTeamCountry "SVK"]
[BlackTeamCountry "SVK"]

1. d4 Nf6 2. Nf3 g6 3. c4 Bg7 4. Nc3 d6 5. e4 c6 6. Be2 Qc7 7. 0-0 Nbd7 8. Re1 0-0 9. Bf1 e5 10. Rb1 Re8 11. b4 Nf8 12. d5 Bg4 13. h3 Bd7 14. Be3 b6 15. Qb3 Rab8 16. dxc6 Bxc6 17. Nd5 Qd7 18. Bg5 Bxd5 19. cxd5 Rec8 20. Ba6 Rc7 21. a4 h6 22. Bd2 Qe7 23. Qd3 N8d7 24. Rbc1 Ne8 25. Rc6 Rxc6 26. dxc6 Nf8 27. Bc4 Nc7 28. b5 Nfe6 29. Bb4 Bf8 30. Rd1 Rd8 31. g3 Kg7 32. Nxe5 Qf6 33. Nd7 Qe7 34. Qc3+ f6 35. Bxd6 1-0

[Event "SVK-chT3B2 1617"]
[Site "Slovakia"]
[Date "2016.12.18"]
[Round "5.1"]
[White "Krajcovic, Alojz"]
[Black "Huliak, Pavol"]
[Result "1/2-1/2"]
[WhiteElo "1906"]
[BlackElo "1965"]
[PlyCount "86"]
[EventDate "2016.10.16"]
[EventType "team-tourn"]
[EventRounds "11"]
[EventCountry "SVK"]
[SourceTitle "EXT 2018"]
[Source "ChessBase"]
[SourceDate "2017.10.13"]
[SourceVersion "1"]
[SourceVersionDate "2017.10.13"]
[SourceQuality "1"]
[WhiteTeam "Dubnica nad Vahom III"]
[BlackTeam "Bojnice"]
[WhiteTeamCountry "SVK"]
[BlackTeamCountry "SVK"]

1. e4 c5 2. Nf3 d6 3. d4 cxd4 4. Nxd4 Nf6 5. Nc3 a6 6. Be2 g6 7. Be3 Bg7 8. Bf3 Nbd7 9. 0-0 0-0 10. Qd2 Ne5 11. Be2 b5 12. f3 Bb7 13. Rae1 Rc8 14. a3 Nc4 15. Bxc4 Rxc4 16. Nce2 Qa8 17. c3 Rfc8 18. Nc1 Ne8 19. Nd3 d5 20. e5 Qb8 21. Bf4 e6 22. Bh6 Bh8 23. f4 Qa7 24. Qf2 Ba8 25. Kh1 Bg7 26. Bxg7 Nxg7 27. Rd1 Qe7 28. Nc1 Bc6 29. Ncb3 Be8 30. Rd2 Qd8 31. Nc1 a5 32. Nd3 Bd7 33. Rfd1 h5 34. h4 Qe7 35. g3 Ne8 36. Rc1 Nc7 37. Kh2 Na6 38. Nc2 Be8 39. Qb6 Nc5 40. Nxc5 Qxc5 41. Qxc5 R4xc5 42. Rd4 Kf8 43. Kg2 Ke7 1/2-1/2

[Event "SVK-chT3B2 1617"]
[Site "Slovakia"]
[Date "2016.11.13"]
[Round "3.1"]
[White "Krajcovic, Alojz"]
[Black "Kutny, Marian"]
[Result "1/2-1/2"]
[WhiteElo "1906"]
[BlackElo "1926"]
[PlyCount "141"]
[EventDate "2016.10.16"]
[EventType "team-tourn"]
[EventRounds "11"]
[EventCountry "SVK"]
[SourceTitle "EXT 2018"]
[Source "ChessBase"]
[SourceDate "2017.10.13"]
[SourceVersion "1"]
[SourceVersionDate "2017.10.13"]
[SourceQuality "1"]
[WhiteTeam "Dubnica nad Vahom III"]
[BlackTeam "Belusa"]
[WhiteTeamCountry "SVK"]
[BlackTeamCountry "SVK"]

1. e4 c5 2. d4 cxd4 3. Nf3 Nc6 4. Nxd4 e5 5. Nb5 a6 6. Nd6+ Bxd6 7. Qxd6 Qe7 8. Qd1 Nf6 9. Nc3 0-0 10. Bg5 Qe6 11. Bd3 Nd4 12. 0-0 b5 13. Bxf6 Qxf6 14. Nd5 Qd6 15. c3 Nc6 16. a4 b4 17. Qd2 a5 18. Rfd1 Ne7 19. Bb5 Rd8 20. cxb4 Nxd5 21. Qxd5 Qxd5 22. Rxd5 axb4 23. Rxe5 Bb7 24. Rc1 f6 25. Bc4+ Kf8 26. Rb5 Bc6 27. Rxb4 Rxa4 28. Rxa4 Bxa4 29. Bd5 Rb8 30. b3 Bc6 31. Bxc6 dxc6 32. Rxc6 Rxb3 33. f3 Rb7 34. Kf2 Ke7 35. h4 Kd7 36. Ra6 Ke7 37. Kg3 h5 38. Kf4 g6 39. g4 Kf7 40. g5 fxg5+ 41. Kxg5 Rb5+ 42. Kf4 Rb4 43. Rd6 Rb3 44. e5 Rb1 45. Rf6+ Kg7 46. Rd6 Kf7 47. Ke4 Rh1 48. Rf6+ Kg7 49. Rf4 Ra1 50. Ke3 Re1+ 51. Kd4 Rd1+ 52. Kc5 Ra1 53. Rb4 Kf7 54. f4 Rh1 55. Rb7+ Ke6 56. Rb6+ Kf7 57. Rf6+ Kg7 58. Kd5 Rxh4 59. Rc6 Rxf4 60. e6 Kf6 61. Rc7 Rf5+ 62. Kd6 Ra5 63. Rf7+ Kg5 64. e7 Ra6+ 65. Kd5 Ra5+ 66. Kd4 Ra4+ 67. Kd3 Ra3+ 68. Ke2 Ra2+ 69. Kf1 Ra1+ 70. Kf2 Ra2+ 71. Kf3 1/2-1/2

[Event "SVK-chT3B2 1617"]
[Site "Slovakia"]
[Date "2016.10.30"]
[Round "2.1"]
[White "Orgon, Dusan"]
[Black "Krajcovic, Alojz"]
[Result "1-0"]
[WhiteElo "2074"]
[BlackElo "1906"]
[PlyCount "87"]
[EventDate "2016.10.16"]
[EventType "team-tourn"]
[EventRounds "11"]
[EventCountry "SVK"]
[SourceTitle "CBM 175 Extra"]
[Source "ChessBase"]
[SourceDate "2016.12.12"]
[SourceVersion "1"]
[SourceVersionDate "2016.12.12"]
[SourceQuality "1"]
[WhiteTeam "Dubnica nad Vahom IV"]
[BlackTeam "Dubnica nad Vahom III"]
[WhiteTeamCountry "SVK"]
[BlackTeamCountry "SVK"]

1. d4 Nf6 2. Nc3 g6 3. e4 d6 4. Nf3 Bg7 5. Be2 c6 6. a4 0-0 7. 0-0 Nbd7 8. h3 Qc7 9. Be3 Re8 10. Qd2 b6 11. Rfd1 Bb7 12. g4 Nf8 13. Ra3 Rad8 14. b4 N6d7 15. Bc4 a6 16. Qe2 Ra8 17. Ng5 e6 18. f4 d5 19. Ba2 h6 20. Nf3 Rad8 21. e5 Nh7 22. Qf2 Bc8 23. Ne2 Ndf8 24. Ng3 Qe7 25. c3 f5 26. exf6 Nxf6 27. Bb1 N6h7 28. Kg2 Bf6 29. Rf1 Qg7 30. Qd2 Nd7 31. Ne5 Bxe5 32. fxe5 Qe7 33. Bxg6 Rf8 34. Bxh6 Rxf1 35. Nxf1 Ndf8 36. Bd3 Qf7 37. Qc2 Rd7 38. Ng3 Ra7 39. Ra1 a5 40. Rf1 Qe7 41. Nh5 c5 42. Bxh7+ Nxh7 43. Qg6+ Kh8 44. Bg7+ 1-0